Mixed Word: Seven Letter N Quiz Stats

 Plays Quiz not verified by Sporcle

Challenge
Share
Tweet
Score 0/16 Timer 04:00
0 Plays Today
Scrambled Word Answer % Correct
RUSENRYNURSERY
91.1%
PITKICNNITPICK
91.1%
UNLARATNATURAL
89.4%
GONHINTNOTHING
89.4%
LOVTENYNOVELTY
87.8%
OURSHINNOURISH
84.6%
THINERENEITHER
84.6%
WETKORNNETWORK
83.7%
Scrambled Word Answer % Correct
CELGENTNEGLECT
80.5%
ICEKENTNECKTIE
71.5%
HAWLARNNARWHAL
65.9%
UTRANELNEUTRAL
65%
RACENULNUCLEAR
64.2%
BRENWONNEWBORN
63.4%
RITSLONNOSTRIL
62.6%
ARTEARNNARRATE
43.1%

You're not logged in!

Compare scores with friends on all Sporcle quizzes.
Join for Free
OR
Log In

You Might Also Like...

Show Comments

Extras

Top Quizzes Today


Score Distribution

Your Account Isn't Verified!

In order to create a playlist on Sporcle, you need to verify the email address you used during registration. Go to your Sporcle Settings to finish the process.

Report this User

Report this user for behavior that violates our Community Guidelines.

Details: